Les Tchécoslovaques (Record no. 128037)

MARC details
000 -LEADER
campo de control de longitud fija 00544nam a2200169 4500
001 - NÚMERO DE CONTROL
campo de control 128037
003 - IDENTIFICADOR DE NÚMERO DE CONTROL
campo de control ES-MaACL
005 - FECHA Y HORA DE LA ÚLTIMA TRANSACCIÓN
campo de control 20230906193139.0
007 - CAMPO FIJO DE DESCRIPCIÓN FÍSICA--INFORMACIÓN GENERAL
campo de control de longitud fija t|
008 - DATOS DE LONGITUD FIJA--INFORMACIÓN GENERAL
campo de control de longitud fija 070214s1921 fr r ||||1| fre d
100 1# - ENTRADA PRINCIPAL--NOMBRE DE PERSONA
Nombre de persona Rivet, Charles.
9 (RLIN) 97723
245 14 - MENCIÓN DEL TÍTULO
Título Les Tchécoslovaques
Resto del título : des alliés de demain : leurs problémes, leur avenir, nos intérêts communs /
Mención de responsabilidad, etc. Charles Rivet.
250 ## - MENCION DE EDICION
Mención de edición 3e éd.
260 ## - PUBLICACIÓN, DISTRIBUCIÓN, ETC.
Lugar de publicación, distribución, etc. Paris :
Nombre del editor, distribuidor, etc. [s. n.],
Fecha de publicación, distribución, etc. 1921 (
Lugar de fabricación/manufactura Lagny :
Fabricante Imp. E. Grevin)
300 ## - DESCRIPCIÓN FÍSICA
Extensión XII, 322 p. ;
Dimensiones 19 x 12 cm.
852 ## - LOCALIZACIÓN
Ubicación ES-MaACL
Número de control de estantería F-10300
Holdings
Estatus retirado Estado de pérdida Estado de daño No para préstamo Biblioteca de origen Biblioteca actual Ubicación en estantería Fecha de adquisición Fuente de adquisición Total de préstamos Signatura topográfica completa Código de barras Visto por última vez Precio de reemplazo Tipo de ítem Koha
        Biblioteca del Ateneo de Madrid Biblioteca del Ateneo de Madrid Sala Pecera Planta 2 17/01/2008     F-10300 1133352 23/02/2023 23/02/2023 Libro impreso